| 000 | 00000nam##2200000za#4500 |
| 001 | 9.639361 |
| 003 | CaOODSP |
| 005 | 20240209132624 |
| 007 | cr ||||||||||| |
| 008 | 150407|2001||||xxc|||||o f|0| 0 fre|d |
| 040 | |aCaOODSP|bfre |
| 043 | |an-cn--- |
| 086 | 1 |aC89-4/31-2001F-PDF |
| 110 | 2 |aAgence de promotion économique du Canada atlantique. |
| 245 | 10|aEnsemble, pour une économie plus forte : |h[ressource électronique]|bprofil de l'Agence de promotion économique du Canada atlantique |
| 260 | |aMoncton - Nouveau-Brunswick : |bAgence de promotion économique du Canada atlantique |c[2001]. |
| 300 | |a10p.|bphotographies |
| 500 | |aL'ISBN (0-662-65338-6) de l'édition imprimée bilingue a été incorrectement copié dans l'édition électronique. Le n° de catalogue (C89-4/31-2001F) copié dans cette édition PDF est incorrect. |
| 590 | |a11-29-Supp|b2011-11-25 |
| 691 | 07|aDéveloppement économique|2gcpds |
| 691 | 07|aEntrepreneuriat|2gcpds |
| 691 | 07|aPetite entreprise|2gcpds |
| 691 | 07|aServices aux entreprises|2gcpds |
| 775 | 08|tBuilding a stronger economy together : |w(CaOODSP)9.695215 |
| 776 | 0#|tBuilding a stronger economy together |w(CaOODSP)9.662313 |
| 776 | 0#|tEnsemble pour un économie plus forte |w(CaOODSP)9.662314 |
| 856 | 40|ahttp://publications.gc.ca|qPDF|s1.06 Mo|uhttps://publications.gc.ca/collections/Collection/C89-4-31-2001F.pdf |